[Event "LSS BI-2009-F-00008"]
[Site "LSS email"]
[Date "2010.02.15"]
[Round "?"]
[White "Leonard, Mark"]
[Black "Sadler, Kirk"]
[Result "1-0"]
[WhiteElo "2040"]
[BlackElo "1535"]
[PlyCount "43"]
[EventDate "2010.02.17"]
[EventType "tourn (corr)"]
[EventRounds "10"]
[EventCountry "GER"]
[SourceTitle "Telechess CBM 147"]
[Source "ChessBase"]
[SourceDate "2012.03.16"]
[SourceVersion "1"]
[SourceVersionDate "2012.03.16"]
[SourceQuality "1"]

1. Nc3 e5 2. Nf3 Nc6 3. d4 exd4 4. Nxd4 Bb4 5. Nxc6 Bxc3+ 6. bxc3 bxc6 7. Qd4 Qf6 8. g3 Rb8 9. Bg2 Rb6 10. Be3 Ra6 11. a4 d6 12. a5 c5 13. Qa4+ Bd7 14. Qb3 Ne7 15. 0-0 0-0 16. Qb7 Bc8 17. Qxc7 Re8 18. Rfd1 Qxc3 19. Bg5 f6 20. Bf4 d5 21. Bd6 Rxd6 22. Qxd6 1-0

[Event "LSS BI-2009-F-00008"]
[Site "LSS email"]
[Date "2010.02.15"]
[Round "?"]
[White "Soreghy, Janos"]
[Black "Leonard, Mark"]
[Result "1/2-1/2"]
[WhiteElo "1904"]
[BlackElo "2168"]
[PlyCount "41"]
[EventDate "2010.02.17"]
[EventType "tourn (corr)"]
[EventRounds "10"]
[EventCountry "GER"]
[SourceTitle "Telechess CBM 141"]
[Source "ChessBase"]
[SourceDate "2011.03.17"]
[SourceVersion "1"]
[SourceVersionDate "2011.03.17"]
[SourceQuality "1"]

1. d4 Nf6 2. c4 c5 3. d5 b5 4. cxb5 a6 5. bxa6 g6 6. Nc3 Bxa6 7. g3 Bg7 8. Bg2 d6 9. Nf3 Nbd7 10. 0-0 0-0 11. Qc2 Nb6 12. Rd1 Qc7 13. h3 Nfd7 14. Bg5 h6 15. Bc1 Rfb8 16. h4 Nc4 17. Nd2 Nxd2 18. Bxd2 Ne5 19. Bf4 Bc8 20. Be4 Qa5 21. Rab1 1/2-1/2

[Event "LSS BI-2009-F-00008"]
[Site "LSS email"]
[Date "2010.02.15"]
[Round "?"]
[White "Van Esbroeck, Jeff"]
[Black "Leonard, Mark"]
[Result "0-1"]
[WhiteElo "1631"]
[BlackElo "2085"]
[PlyCount "104"]
[EventDate "2010.02.17"]
[EventType "tourn (corr)"]
[EventRounds "10"]
[EventCountry "GER"]
[SourceTitle "Telechess CBM 141"]
[Source "ChessBase"]
[SourceDate "2011.03.17"]
[SourceVersion "1"]
[SourceVersionDate "2011.03.17"]
[SourceQuality "1"]

1. e4 e5 2. Nf3 Nc6 3. Bb5 a6 4. Bxc6 dxc6 5. Nc3 Bg4 6. d3 Bc5 7. h3 Bxf3 8. Qxf3 Qf6 9. Qg3 Ne7 10. Be3 Bxe3 11. fxe3 0-0 12. 0-0-0 b5 13. d4 Rad8 14. Rhf1 Qd6 15. Rd3 Ng6 16. Qg5 Rfe8 17. dxe5 Qf8 18. Rf5 Rc8 19. Ne2 h6 20. Qg3 Qe7 21. Nf4 Nxe5 22. Rd4 Rcd8 23. Nd3 Nxd3+ 24. cxd3 c5 25. Rxd8 Rxd8 26. Rd5 Rd6 27. Qf3 Re6 28. Rf5 f6 29. Qd1 c4 30. dxc4 Rxe4 31. Qd5+ Kh8 32. cxb5 Rxe3 33. Rf3 Re5 34. Qd4 axb5 35. Rd3 Qe6 36. Kb1 Re1+ 37. Rd1 Qf5+ 38. Kc1 Re2 39. Qd8+ Kh7 40. Qd3 Qxd3 41. Rxd3 Rxg2 42. Rc3 Rh2 43. Rxc7 Rxh3 44. Rc5 Rh1+ 45. Kd2 Rh2+ 46. Kc1 g5 47. Rxb5 g4 48. Rb3 h5 49. Kd1 h4 50. Ke1 g3 51. Kf1 f5 52. a4 f4 0-1

[Event "LSS WC-2009-F-00001"]
[Site "LSS email"]
[Date "2009.11.03"]
[Round "?"]
[White "Leonard, Mark"]
[Black "Knight, Tom"]
[Result "0-1"]
[WhiteElo "2084"]
[BlackElo "2545"]
[PlyCount "78"]
[EventDate "2009.11.08"]
[EventType "tourn (corr)"]
[EventRounds "14"]
[EventCountry "GER"]
[SourceTitle "Telechess CBM 141"]
[Source "ChessBase"]
[SourceDate "2011.03.17"]
[SourceVersion "1"]
[SourceVersionDate "2011.03.17"]
[SourceQuality "1"]

1. Nc3 c5 2. Nf3 Nc6 3. d4 cxd4 4. Nxd4 Nf6 5. Bg5 e6 6. Qd3 Be7 7. 0-0-0 0-0 8. e4 h6 9. Bf4 Bc5 10. Nb3 Bxf2 11. Bd6 Bb6 12. Be2 Bc7 13. Bxf8 Ne5 14. Qh3 Qxf8 15. g4 b5 16. Nxb5 Bb8 17. Qg2 Bb7 18. Nc3 Ng6 19. h4 Be5 20. g5 Bxc3 21. Bf3 Ne5 22. gxf6 Nc4 23. Qxg7+ Qxg7 24. fxg7 Bxb2+ 25. Kb1 Be5 26. Rxd7 Bc6 27. Rd3 Na3+ 28. Kc1 Bb5 29. Bh5 Rc8 30. Kd1 Bxd3 31. cxd3 Nb1 32. Rf1 Rc7 33. d4 Bxg7 34. e5 Nc3+ 35. Ke1 Nxa2 36. Kd2 Nb4 37. Rf3 Rd7 38. Ke3 Nd5+ 39. Kf2 Rc7 0-1

[Event "LSS CP-2009-P-00059"]
[Site "LSS email"]
[Date "2009.09.27"]
[Round "?"]
[White "Launhardt, Wolfgang"]
[Black "Leonard, Mark"]
[Result "1-0"]
[WhiteElo "1966"]
[BlackElo "2213"]
[PlyCount "41"]
[EventDate "2009.10.01"]
[EventType "tourn (corr)"]
[EventRounds "6"]
[EventCountry "GER"]
[SourceTitle "Corr 2013"]
[Source "ChessBase"]
[SourceDate "2012.11.12"]
[SourceVersion "1"]
[SourceVersionDate "2012.11.12"]
[SourceQuality "1"]
[WhiteTeam "US of America"]
[BlackTeam "US of America"]
[WhiteTeamCountry "USA"]
[BlackTeamCountry "USA"]

1. Nf3 Nf6 2. d4 c5 3. d5 g6 4. Nc3 Bg7 5. e4 d6 6. Be2 Bg4 7. 0-0 0-0 8. h3 Bxf3 9. Bxf3 Nbd7 10. a3 a6 11. Bf4 b5 12. Qe2 Ne8 13. Qd2 Nb6 14. Be2 Nf6 15. Qe3 Rb8 16. b3 Qc7 17. a4 b4 18. a5 Nbd7 19. Na4 Ne8 20. Ra2 Bd4 21. Qd2 1-0

[Event "LSS WC-2012-S-00006"]
[Site "LSS email"]
[Date "2009.07.13"]
[Round "?"]
[White "Leonard, Mark"]
[Black "Vertongen, Willy"]
[Result "0-1"]
[WhiteElo "2040"]
[BlackElo "2216"]
[PlyCount "116"]
[EventDate "2009.07.18"]
[EventType "tourn (corr)"]
[EventRounds "10"]
[EventCountry "GER"]
[SourceTitle "Corr 2013"]
[Source "ChessBase"]
[SourceDate "2012.11.12"]
[SourceVersion "1"]
[SourceVersionDate "2012.11.12"]
[SourceQuality "1"]
[WhiteTeam "US of America"]
[BlackTeam "US of America"]
[WhiteTeamCountry "USA"]
[BlackTeamCountry "USA"]

1. Nc3 d5 2. e4 d4 3. Nce2 e5 4. Ng3 Be6 5. Nf3 f6 6. c3 d3 7. Nxe5 fxe5 8. Qh5+ Bf7 9. Qxe5+ Ne7 10. Qb5+ Nd7 11. Qxd3 c5 12. Qe3 Ng6 13. b3 Be7 14. Nf5 0-0 15. f4 Re8 16. Be2 Nh4 17. Nxh4 Bxh4+ 18. g3 Be7 19. e5 Bd5 20. 0-0 Bc6 21. Bb2 Rf8 22. Bc4+ Kh8 23. Be6 b5 24. d4 cxd4 25. cxd4 Nb6 26. Rac1 Nd5 27. Qe2 Qb6 28. Bh3 Rad8 29. Bg2 Nb4 30. Kh1 Bxg2+ 31. Qxg2 a5 32. Rcd1 Nd5 33. Qe4 Qe6 34. f5 Qa6 35. Rf3 b4 36. Kg2 a4 37. Rc1 Bg5 38. Rc4 a3 39. Ba1 Kg8 40. h4 Be7 41. Kh3 Kh8 42. Rf2 Qh6 43. Qf3 g5 44. Qe4 gxh4 45. g4 Qg5 46. f6 h5 47. Rf5 hxg4+ 48. Kh2 Bxf6 49. exf6 Qd2+ 50. Kg1 Nxf6 51. d5 Qd1+ 52. Rf1 Qxa1 53. Rxa1 Nxe4 54. Rxe4 Rxd5 55. Rxb4 Rg8 56. Re1 h3 57. Rbe4 Rd3 58. Re5 Rg7 0-1

[Event "LSS WC-2012-S-00006"]
[Site "LSS email"]
[Date "2009.07.13"]
[Round "?"]
[White "Oliveira, Marcio B"]
[Black "Leonard, Mark"]
[Result "0-1"]
[WhiteElo "2179"]
[BlackElo "2292"]
[PlyCount "92"]
[EventDate "2009.07.18"]
[EventType "tourn (corr)"]
[EventRounds "10"]
[EventCountry "GER"]
[SourceTitle "Corr 2022"]
[Source "ChessBase"]
[SourceDate "2021.10.24"]
[SourceVersion "1"]
[SourceVersionDate "2021.10.24"]
[SourceQuality "1"]

1. e4 e5 2. Nf3 Nc6 3. Bb5 a6 4. Ba4 Nf6 5. 0-0 Be7 6. Re1 b5 7. Bb3 0-0 8. a4 Bb7 9. d3 d6 10. Nbd2 Qd7 11. Nf1 Nd8 12. axb5 axb5 13. Rxa8 Bxa8 14. Ne3 Ne6 15. Nf5 Bd8 16. c4 b4 17. Bd2 c5 18. Ba4 Qc7 19. Qc2 Nh5 20. Bb5 Nhf4 21. g3 g6 22. Ra1 Bb7 23. gxf4 gxf5 24. fxe5 Kh8 25. Ba6 fxe4 26. Bxb7 Qxb7 27. dxe4 f5 28. Re1 Qg7+ 29. Kh1 Qg4 30. Qd3 fxe4 31. Qxe4 Qxe4 32. Rxe4 Rxf3 33. exd6 Rf6 34. Be3 Kg7 35. Re5 Kf7 36. b3 Nd4 37. Bxd4 cxd4 38. c5 Rxf2 39. c6 Bb6 40. c7 Rc2 41. Re7+ Kf6 42. Re2 Rc1+ 43. Kg2 d3 44. Rd2 Ke6 45. Rxd3 Kd7 46. Rh3 Rc2+ 0-1

[Event "LSS WC-2012-S-00006"]
[Site "LSS email"]
[Date "2009.07.13"]
[Round "?"]
[White "Skeels, Jim"]
[Black "Leonard, Mark"]
[Result "1-0"]
[WhiteElo "2210"]
[BlackElo "2222"]
[PlyCount "59"]
[EventDate "2009.07.18"]
[EventType "tourn (corr)"]
[EventRounds "10"]
[EventCountry "GER"]
[SourceTitle "Telechess CBM 137"]
[Source "ChessBase"]
[SourceDate "2010.07.15"]
[SourceVersion "1"]
[SourceVersionDate "2010.07.15"]
[SourceQuality "1"]

1. Nf3 Nf6 2. c4 c5 3. g3 b6 4. Bg2 Bb7 5. 0-0 e6 6. Nc3 Be7 7. Re1 d6 8. e4 a6 9. d4 cxd4 10. Nxd4 Qc7 11. f4 0-0 12. Be3 Nbd7 13. Rc1 Rfe8 14. g4 Nc5 15. Bf2 g6 16. b4 Rad8 17. f5 Bf8 18. fxe6 fxe6 19. bxc5 dxc5 20. Nxe6 Rxe6 21. Nd5 Nxd5 22. cxd5 Ree8 23. Qb3 b5 24. d6+ Qf7 25. Qxf7+ Kxf7 26. e5 Bxg2 27. Kxg2 c4 28. Bh4 Rd7 29. Rf1+ Kg8 30. Bg3 1-0

[Event "LSS WC-2012-S-00006"]
[Site "LSS email"]
[Date "2009.07.13"]
[Round "?"]
[White "Smith, Douglas Royston"]
[Black "Leonard, Mark"]
[Result "1/2-1/2"]
[WhiteElo "1872"]
[BlackElo "2242"]
[PlyCount "51"]
[EventDate "2009.07.18"]
[EventType "tourn (corr)"]
[EventRounds "10"]
[EventCountry "GER"]
[SourceTitle "Telechess CBM 137"]
[Source "ChessBase"]
[SourceDate "2010.07.15"]
[SourceVersion "1"]
[SourceVersionDate "2010.07.15"]
[SourceQuality "1"]

1. d4 Nf6 2. Nf3 c5 3. d5 e6 4. Nc3 b5 5. dxe6 fxe6 6. Nxb5 d5 7. e3 Nc6 8. c4 Rb8 9. Be2 a6 10. cxd5 exd5 11. Nc3 d4 12. Na4 Bf5 13. exd4 cxd4 14. Bc4 Bb4+ 15. Kf1 d3 16. Bf4 Bd6 17. Bg3 Nb4 18. Qe1+ Kf8 19. Nd4 Bxg3 20. Nxf5 d2 21. Qe2 Bxf2 22. Kxf2 Qd7 23. Qe6 Nd3+ 24. Kg3 Qxe6 25. Bxe6 Re8 26. Nd4 1/2-1/2

[Event "LSS BI-2009-P-00018"]
[Site "LSS email"]
[Date "2009.04.19"]
[Round "?"]
[White "Babic, Slobodan"]
[Black "Leonard, Mark"]
[Result "1-0"]
[WhiteElo "1763"]
[BlackElo "2293"]
[PlyCount "65"]
[EventDate "2009.04.20"]
[EventType "tourn (corr)"]
[EventRounds "10"]
[EventCountry "GER"]
[SourceTitle "Corr 2011"]
[Source "ChessBase"]
[SourceDate "2010.08.31"]
[SourceVersion "1"]
[SourceVersionDate "2010.08.31"]
[SourceQuality "1"]

1. d4 Nf6 2. c4 c5 3. d5 b5 4. cxb5 a6 5. bxa6 g6 6. Nc3 Bxa6 7. g3 d6 8. Bg2 Bg7 9. Nf3 Nbd7 10. Rb1 0-0 11. 0-0 Nb6 12. b3 Bb7 13. e4 Nxe4 14. Nxe4 Rxa2 15. b4 c4 16. Nd4 Nxd5 17. b5 Qb6 18. Nc6 Bxc6 19. bxc6 Qxb1 20. Qxd5 Qd3 21. Qb5 Ra1 22. c7 Qc2 23. Qg5 c3 24. h4 h5 25. Kh2 d5 26. Nc5 Kh7 27. Bxd5 Qe2 28. Kg1 e6 29. Bb7 c2 30. c8Q Rxc8 31. Bxc8 Rxc1 32. Rxc1 Bd4 33. Qf4 1-0

[Event "LSS BI-2009-P-00018"]
[Site "LSS email"]
[Date "2009.04.19"]
[Round "?"]
[White "Carrizo, Sergio Gaston"]
[Black "Leonard, Mark"]
[Result "0-1"]
[WhiteElo "1019"]
[BlackElo "2293"]
[PlyCount "52"]
[EventDate "2009.04.20"]
[EventType "tourn (corr)"]
[EventRounds "10"]
[EventCountry "GER"]
[SourceTitle "Corr 2011"]
[Source "ChessBase"]
[SourceDate "2010.08.31"]
[SourceVersion "1"]
[SourceVersionDate "2010.08.31"]
[SourceQuality "1"]

1. d4 Nf6 2. c4 c5 3. d5 b5 4. cxb5 a6 5. Nc3 axb5 6. Nxb5 e6 7. d6 Qa5+ 8. Nc3 Ne4 9. Bd2 Nxd2 10. Qxd2 Ra6 11. Ne4 Qxd2+ 12. Nxd2 Bxd6 13. e4 Ra7 14. Ngf3 Bc7 15. Bb5 Ba6 16. Bxa6 Nxa6 17. 0-0 0-0 18. e5 f6 19. Nc4 fxe5 20. Nfxe5 d5 21. Nc6 Rb7 22. N4e5 Rxb2 23. Nd7 Rf7 24. Nde5 Bxe5 25. Nxe5 Rfb7 26. a4 c4 0-1

[Event "LSS BI-2009-P-00018"]
[Site "LSS email"]
[Date "2009.04.19"]
[Round "?"]
[White "Leonard, Mark"]
[Black "Simmelink, Joop Theo"]
[Result "1/2-1/2"]
[WhiteElo "2288"]
[BlackElo "2215"]
[PlyCount "46"]
[EventDate "2009.04.20"]
[EventType "tourn (corr)"]
[EventRounds "10"]
[EventCountry "GER"]
[SourceTitle "Corr 2011"]
[Source "ChessBase"]
[SourceDate "2010.08.31"]
[SourceVersion "1"]
[SourceVersionDate "2010.08.31"]
[SourceQuality "1"]

1. Nc3 c5 2. Nf3 Nf6 3. d4 cxd4 4. Nxd4 d6 5. g3 e6 6. Bg2 Be7 7. 0-0 0-0 8. h3 a6 9. a4 Qc7 10. a5 Nc6 11. Nxc6 bxc6 12. Be3 Nd7 13. Na4 Bb7 14. Bb6 Nxb6 15. axb6 Qc8 16. Qd3 c5 17. c4 Rb8 18. Rfd1 f5 19. Bxb7 Qxb7 20. Qe3 Rf6 21. Qf3 Rh6 22. Qxb7 Rxb7 23. Kg2 Rf6 1/2-1/2

[Event "LSS BI-2009-P-00018"]
[Site "LSS email"]
[Date "2009.04.19"]
[Round "?"]
[White "Marculescu, Gheorghe"]
[Black "Leonard, Mark"]
[Result "1/2-1/2"]
[WhiteElo "1829"]
[BlackElo "2288"]
[PlyCount "25"]
[EventDate "2009.04.20"]
[EventType "tourn (corr)"]
[EventRounds "10"]
[EventCountry "GER"]
[SourceTitle "Corr 2013"]
[Source "ChessBase"]
[SourceDate "2012.11.12"]
[SourceVersion "1"]
[SourceVersionDate "2012.11.12"]
[SourceQuality "1"]
[WhiteTeam "US of America"]
[BlackTeam "US of America"]
[WhiteTeamCountry "USA"]
[BlackTeamCountry "USA"]

1. d4 Nf6 2. Nf3 c5 3. d5 b5 4. e3 Bb7 5. Bxb5 Nxd5 6. 0-0 Nc7 7. Be2 e6 8. c4 Nc6 9. e4 Be7 10. Nc3 0-0 11. h3 Rb8 12. Be3 d6 13. Re1 1/2-1/2

[Event "LSS SM-2009-0-00051"]
[Site "LSS email"]
[Date "2009.04.03"]
[Round "?"]
[White "Leonard, Mark"]
[Black "Klimakovs, Sergejs"]
[Result "1-0"]
[WhiteElo "2242"]
[BlackElo "2230"]
[PlyCount "55"]
[EventDate "2009.02.24"]
[EventType "tourn (corr)"]
[EventRounds "6"]
[EventCountry "GER"]
[SourceTitle "Telechess CBM 137"]
[Source "ChessBase"]
[SourceDate "2010.07.15"]
[SourceVersion "1"]
[SourceVersionDate "2010.07.15"]
[SourceQuality "1"]

1. Nc3 c5 2. Nf3 Nf6 3. d4 cxd4 4. Nxd4 d5 5. Bg5 Nbd7 6. e4 dxe4 7. Qe2 a6 8. 0-0-0 Qa5 9. h4 e6 10. g4 h6 11. Bf4 Nd5 12. Nxd5 exd5 13. Kb1 g6 14. Nb3 Qb6 15. Rxd5 Nf6 16. Re5+ Be6 17. g5 Nd5 18. Bd2 e3 19. Bg2 Bg7 20. Ba5 Qd6 21. Rxd5 Bxd5 22. Rd1 Bc4 23. Qxe3+ Qe6 24. Qc5 Rc8 25. Qb4 Qe7 26. Qxe7+ Kxe7 27. Bb4+ Ke8 28. Na5 1-0

[Event "LSS SM-2009-0-00051"]
[Site "LSS email"]
[Date "2009.04.02"]
[Round "?"]
[White "Leonard, Mark"]
[Black "Onder, Evren"]
[Result "0-1"]
[WhiteElo "2283"]
[BlackElo "2220"]
[PlyCount "38"]
[EventDate "2009.02.24"]
[EventType "tourn (corr)"]
[EventRounds "6"]
[EventCountry "GER"]
[SourceTitle "Corr 2011"]
[Source "ChessBase"]
[SourceDate "2010.08.31"]
[SourceVersion "1"]
[SourceVersionDate "2010.08.31"]
[SourceQuality "1"]

1. Nc3 c5 2. Nf3 Nc6 3. d4 d5 4. dxc5 Nf6 5. Bg5 d4 6. Na4 Qa5+ 7. c3 b5 8. Nxd4 Nxd4 9. Qxd4 bxa4 10. 0-0-0 e5 11. Qxe5+ Be6 12. Bxf6 gxf6 13. Qxf6 Rg8 14. Qe5 Rc8 15. e3 Bg7 16. Qe4 Bxc3 17. bxc3 Qxc3+ 18. Qc2 Qa5 19. Kb1 a3 0-1

[Event "LSS SM-2009-0-00051"]
[Site "LSS email"]
[Date "2009.04.02"]
[Round "?"]
[White "Siger, Imre Csaba"]
[Black "Leonard, Mark"]
[Result "1/2-1/2"]
[WhiteElo "2088"]
[BlackElo "2293"]
[PlyCount "33"]
[EventDate "2009.02.24"]
[EventType "tourn (corr)"]
[EventRounds "6"]
[EventCountry "GER"]
[SourceTitle "Corr 2011"]
[Source "ChessBase"]
[SourceDate "2010.08.31"]
[SourceVersion "1"]
[SourceVersionDate "2010.08.31"]
[SourceQuality "1"]

1. e4 e5 2. Nf3 Nc6 3. Bb5 a6 4. Ba4 Nf6 5. 0-0 Be7 6. Re1 b5 7. Bb3 0-0 8. a4 b4 9. d3 d6 10. a5 Be6 11. Nbd2 Qc8 12. Nc4 Rb8 13. h3 h6 14. Be3 Rd8 15. Qe2 Bf8 16. Nfd2 Qb7 17. Qf3 1/2-1/2

[Event "LSS WC-2011-S-00003"]
[Site "LSS email"]
[Date "2008.10.23"]
[Round "?"]
[White "Leonard, Mark"]
[Black "Daurelle, Herve"]
[Result "1/2-1/2"]
[WhiteElo "2288"]
[BlackElo "2368"]
[PlyCount "89"]
[EventDate "2008.10.23"]
[EventType "tourn (corr)"]
[EventRounds "10"]
[EventCountry "GER"]
[SourceTitle "Corr 2011"]
[Source "ChessBase"]
[SourceDate "2010.08.31"]
[SourceVersion "1"]
[SourceVersionDate "2010.08.31"]
[SourceQuality "1"]

1. Nc3 Nf6 2. e4 d5 3. e5 Nfd7 4. Nxd5 Nxe5 5. Ne3 Nbc6 6. b3 Ng6 7. Bb2 e5 8. g3 Bb4 9. h4 h6 10. Bg2 0-0 11. Ne2 a5 12. c3 Bc5 13. Qc2 Bxe3 14. dxe3 Qf6 15. 0-0 Bg4 16. f3 Bf5 17. e4 Be6 18. f4 exf4 19. c4 Nb4 20. Qc1 Qe7 21. Qc3 f6 22. Nxf4 Nxf4 23. gxf4 Rad8 24. Qg3 Rd3 25. Rf3 Rd2 26. Bc3 Rxa2 27. f5 Rxa1+ 28. Bxa1 Bc8 29. e5 fxe5 30. Bxe5 Bxf5 31. Bxc7 Rf7 32. Be5 Bc2 33. Re3 Qd7 34. Bd6 Kh8 35. h5 Qd8 36. Qe5 Kh7 37. Re2 Bb1 38. Qe8 Qd7 39. Qxd7 Rxd7 40. Bc5 Nc6 41. Bd5 Bf5 42. Kg2 Bg4 43. Be4+ Kg8 44. Bd5+ Kh7 45. Be4+ 1/2-1/2

[Event "LSS WC-2010-S-00009"]
[Site "LSS email"]
[Date "2007.12.15"]
[Round "?"]
[White "Leonard, Mark"]
[Black "Bendig, Frank"]
[Result "1/2-1/2"]
[WhiteElo "2333"]
[BlackElo "2298"]
[PlyCount "68"]
[EventDate "2007.12.15"]
[EventType "tourn (corr)"]
[EventRounds "10"]
[EventCountry "GER"]
[SourceTitle "Corr 2011"]
[Source "ChessBase"]
[SourceDate "2010.08.31"]
[SourceVersion "1"]
[SourceVersionDate "2010.08.31"]
[SourceQuality "1"]

1. e4 e5 2. Nf3 Nf6 3. Nxe5 d6 4. Nf3 Nxe4 5. Nc3 Nf6 6. d4 Be7 7. Bf4 0-0 8. Qd2 Re8 9. 0-0-0 a6 10. Bd3 d5 11. h3 b5 12. Be5 b4 13. Na4 Nbd7 14. Qf4 Ra7 15. Rhe1 Nf8 16. Bxf6 Bxf6 17. Rxe8 Qxe8 18. Nc5 Qd8 19. Re1 Ne6 20. Nxe6 Bxe6 21. g4 Be7 22. Qe3 c6 23. h4 Bd6 24. g5 Qb6 25. g6 hxg6 26. Qg5 Re7 27. h5 Qc7 28. Kb1 Bf5 29. Bxf5 Rxe1+ 30. Nxe1 Be7 31. Qg4 gxf5 32. Qxf5 Qb6 33. Qg4 Bf6 34. Nd3 Bxd4 1/2-1/2

[Event "LSS WC-2010-S-00009"]
[Site "LSS email"]
[Date "2007.12.15"]
[Round "?"]
[White "Leonard, Mark"]
[Black "Voiculescu, Costel"]
[Result "1/2-1/2"]
[WhiteElo "2333"]
[BlackElo "1816"]
[PlyCount "62"]
[EventDate "2007.12.15"]
[EventType "tourn (corr)"]
[EventRounds "10"]
[EventCountry "GER"]
[SourceTitle "Corr 2011"]
[Source "ChessBase"]
[SourceDate "2010.08.31"]
[SourceVersion "1"]
[SourceVersionDate "2010.08.31"]
[SourceQuality "1"]

1. e4 e5 2. Nf3 Nc6 3. d4 exd4 4. Bc4 Nf6 5. 0-0 Nxe4 6. Re1 d5 7. Bxd5 Qxd5 8. Nc3 Qa5 9. Nxe4 Be6 10. Neg5 0-0-0 11. Nxe6 fxe6 12. Rxe6 Bd6 13. Bg5 Rde8 14. Qe1 Qxe1+ 15. Raxe1 Rxe6 16. Rxe6 Kd7 17. Re4 Re8 18. Rxe8 Kxe8 19. Kf1 Kf7 20. Bd2 Ke6 21. Ng5+ Kf5 22. Nxh7 Nb4 23. Ke2 Nxa2 24. h3 Nb4 25. g4+ Ke4 26. c3 d3+ 27. Kd1 Nc6 28. Ng5+ Kd5 29. f4 a5 30. h4 a4 31. Nf7 Be7 1/2-1/2

[Event "LSS CP-2007-P-00025"]
[Site "LSS email"]
[Date "2007.10.01"]
[Round "?"]
[White "Matin, Boris"]
[Black "Leonard, Mark"]
[Result "1-0"]
[WhiteElo "1900"]
[BlackElo "2332"]
[PlyCount "59"]
[EventDate "2007.10.01"]
[EventType "tourn (corr)"]
[EventRounds "6"]
[EventCountry "GER"]
[SourceTitle "Corr 2011"]
[Source "ChessBase"]
[SourceDate "2010.08.31"]
[SourceVersion "1"]
[SourceVersionDate "2010.08.31"]
[SourceQuality "1"]

1. d4 Nf6 2. c4 e6 3. Nc3 Bb4 4. f3 c5 5. d5 Nh5 6. Nh3 Qh4+ 7. Nf2 Qxc4 8. e4 Bxc3+ 9. bxc3 Qxc3+ 10. Bd2 Qe5 11. Nd3 Qf6 12. g4 exd5 13. gxh5 0-0 14. Bg2 dxe4 15. fxe4 Nc6 16. Nf2 h6 17. 0-0 d6 18. a4 Ne5 19. Ra3 Nc4 20. Rf3 Qd4 21. Rd3 Qf6 22. Bc3 Qe7 23. Rg3 Ne5 24. Nd3 Kh7 25. Qd2 Rg8 26. Nf4 Be6 27. Qb2 Bc4 28. Nd5 Qe8 29. Rf5 Qxa4 30. Bxe5 1-0

[Event "LSS ZH-2007-0-00135"]
[Site "LSS email"]
[Date "2007.08.28"]
[Round "?"]
[White "Kovacs, Arthur"]
[Black "Leonard, Mark"]
[Result "1/2-1/2"]
[WhiteElo "2175"]
[BlackElo "2332"]
[PlyCount "119"]
[EventDate "2007.08.28"]
[EventType "match (corr)"]
[EventRounds "2"]
[EventCountry "GER"]
[SourceTitle "Corr 2011"]
[Source "ChessBase"]
[SourceDate "2010.08.31"]
[SourceVersion "1"]
[SourceVersionDate "2010.08.31"]
[SourceQuality "1"]

1. d4 Nf6 2. c4 e6 3. Nf3 Bb4+ 4. Bd2 Qe7 5. g3 Nc6 6. Bg2 Bxd2+ 7. Nbxd2 d6 8. 0-0 a5 9. e4 e5 10. d5 Nb8 11. Ne1 0-0 12. Nd3 Na6 13. a3 Bg4 14. f3 Bd7 15. b4 axb4 16. axb4 c6 17. dxc6 bxc6 18. Qb3 Nc7 19. Qc3 Rfe8 20. Rxa8 Rxa8 21. c5 Nb5 22. cxd6 Qxd6 23. Nc4 Qd4+ 24. Qxd4 exd4 25. Na5 Nc3 26. Rf2 Be8 27. Rd2 g5 28. h3 h5 29. Bf1 Nb1 30. Rb2 Nc3 31. g4 hxg4 32. hxg4 Kf8 33. Rh2 Ke7 34. Rd2 Nb1 35. Rc2 Nc3 36. Nb3 Nb5 37. Ndc5 Nd7 38. Bxb5 cxb5 39. Nxd4 Ne5 40. Kg2 Ra3 41. Rc1 Ra2+ 42. Kg3 Kf8 43. Rh1 Kg8 44. Rh6 Ng6 45. Rh2 Ra3 46. Rd2 Ne5 47. Ndb3 Kf8 48. Rd5 f6 49. Rd6 Ke7 50. Re6+ Kf7 51. Nd4 Bd7 52. Ra6 Rxa6 53. Nxa6 Nd3 54. Nc2 Be6 55. Nc5 Ne5 56. Nxe6 Kxe6 57. Nd4+ Kf7 58. Nxb5 Nd3 59. e5 Nxb4 60. exf6 1/2-1/2

[Event "IECG WC.2006.S.00004 email"]
[Site "IECG email"]
[Date "2004.07.18"]
[Round "?"]
[White "Bubir, Alex Nikolaevich"]
[Black "Leonard, Mark"]
[Result "1-0"]
[WhiteElo "2432"]
[BlackElo "2348"]
[PlyCount "39"]
[EventDate "2004.07.18"]
[EventType "tourn (corr)"]
[EventRounds "10"]
[SourceTitle "Corr 2008"]
[Source "ChessBase"]
[SourceDate "2008.06.24"]
[SourceVersion "1"]
[SourceVersionDate "2008.06.24"]
[SourceQuality "1"]

1. d4 Nf6 2. c4 e6 3. Nf3 c5 4. d5 b5 5. Bg5 Qa5+ 6. Nbd2 Be7 7. e4 Nxe4 8. Bxe7 Kxe7 9. b4 Qxb4 10. Rb1 Qa5 11. Rxb5 Qc3 12. Rb3 Qa5 13. Bd3 Nd6 14. 0-0 Qc7 15. Ne5 f6 16. f4 Rf8 17. Qg4 fxe5 18. fxe5 Rxf1+ 19. Bxf1 Nf5 20. d6+ 1-0